| 000 | 01146nam a22003977a 4500 | ||
|---|---|---|---|
| 001 | BR8904481 | ||
| 003 | BR-BrBNA | ||
| 005 | 20230928093310.0 | ||
| 007 | ta | ||
| 008 | 230509b bl.||||| |||| 00| 0 por d | ||
| 040 |
_aBR-BrBNA _bpor _cBiblioteca Nacional de Agricultura |
||
| 041 | _a(Por) | ||
| 072 |
_aE21 _b8957 |
||
| 090 | _ 8957 BR8904481 | ||
| 100 | 1 | _aMello Junior, A. de O. | |
| 100 | 1 | _aVieira, A.J.M. | |
| 100 | 1 | _aCunha Neto, J.A. da | |
| 100 | 1 | _aTelles, J.A. da C. | |
| 100 | 1 | _aOliveira, J. de R. | |
| 100 | 1 | _aCouto, S.M.F. do | |
| 110 | 1 | _aInstituto do Desenvolvimento Economico-Social do Para, Belem (Brasil); | |
| 110 | 1 |
_aCentro de Treinamento em Desenvolvimento Economico, Fortaleza, CE (Brasil) _91678 |
|
| 245 | 1 | _aProjeto Farinha de Peixe S.A. | |
| 260 | 3 |
_aBelem, PA (Brasil): _c1972. |
|
| 300 | _a228 p. | ||
| 500 | _a60 tables; 27 ref. | ||
| 650 | _aINDUSTRIA AGRICOLA | ||
| 650 | _aFARINHA DE PEIXE | ||
| 650 | _aPRODUCAO | ||
| 650 | _aMERCADO | ||
| 650 | _aCONSUMO | ||
| 650 | _aINVESTIMENTO | ||
| 650 | _aRECURSO ECONOMICO | ||
| 909 |
_a202309 _bLucia _c55 _dLucia Elande |
||
| 942 | _cBK | ||
| 999 |
_c44169 _d44169 |
||